Louisiana legal archives
Guardado en:
| Formato: | Libro |
|---|---|
| Lenguaje: | inglés |
| Publicado: |
Nueva Orleans
State of Louisiana
1937
|
| Materias: | |
| Etiquetas: |
Agregar Etiqueta
Sin Etiquetas, Sea el primero en etiquetar este registro!
|
MARC
| LEADER | 00000nam a2200000 a 4500 | ||
|---|---|---|---|
| 001 | UCR1432 | ||
| 003 | CL-VaPUC | ||
| 008 | 971219e19370000us |||||||||||||||||eng|d | ||
| 082 | 0 | 4 | |a 346.973 |b LOU |2 21 |
| 245 | 1 | 0 | |a Louisiana legal archives |
| 300 | |a v | ||
| 942 | |c BK | ||
| 945 | |d 19971219 00:00:00 |a cmena | ||
| 260 | |a Nueva Orleans |b State of Louisiana |c 1937 | ||
| 500 | |a v.1: A republication of the projet of the Civil Code of Louisiana of 1825 | ||
| 500 | |a v.2: A republication of the Code of Practice of Louisiana of 1825 | ||
| 500 | |a v.3 p.2: Compiled edition of the Civil Codes of Louisiana | ||
| 650 | 0 | |a Derecho civil |9 255013 | |
| 650 | 0 | |a Código civil |9 256135 | |
| 650 | 7 | |a DERECHO ESTADOUNIDENSE |2 CL-VaPUC |9 385416 | |
| 650 | 0 | |a Fuentes del derecho |9 255162 | |
| 650 | 0 | |a Derecho comparado |9 255664 | |
| 650 | 0 | |a Jurisprudencia |9 255952 | |
| 650 | 7 | |a LEGISLACION |2 CL-VaPUC |9 398509 | |
| 650 | 0 | |a Estado y derecho |9 255403 | |
| 651 | 7 | |a LOUISIANA |2 CL-VaPUC |9 398510 | |
| 651 | 0 | |a Estados Unidos |9 255178 | |
| 583 | |a last modification |c 20171213 06:12:00 |k Rodrigo Vera | ||
| 999 | |c 264834 |d 264832 | ||
| 952 | |0 0 |1 0 |4 0 |6 346_973000000000000_LOU_1937 |7 0 |8 DER_HDC |9 295344 |a BIBDER |b BIBDER |d 2019-11-20 |h v.1-2 |i 1922815 |o 346.973 LOU 1937 |p 1922815 |r 2023-01-25 |w 2019-11-20 |x Ubicación 4to Piso |y BK |z Estos recursos deben solicitarse con anticipación |k DER | ||
| 952 | |0 0 |1 0 |4 0 |6 346_973000000000000_LOU_1937 |7 0 |8 DER_HDC |9 295345 |a BIBDER |b BIBDER |d 2019-11-20 |h v.3 p.2 |i 1922823 |o 346.973 LOU 1937 |p 1922823 |r 2023-01-25 |w 2019-11-20 |x Ubicación 4to Piso |y BK |z Estos recursos deben solicitarse con anticipación |k DER | ||